000 00990na a2200313 4500
001 23043
003 MIRAKIL
005 20181213154803.0
008 170515b tu 000 0
020 _a9786053991588
035 _a23043
040 _aMilas
_btur
_cTR-AnCHP
041 _atur
082 _a079.9561
_bK61h 2010
090 _a079.9561 K61h 2010
100 _aKocabaşoğlu, Uğur
245 _a'Hürriyet'i beklerken
_bİkinci meşrutiyet basını
_cUğur Kocabaşoğlu
246 _aİkinci meşrutiyet basını
260 _aİstanbul
_bİstanbul Bilgi Üniversitesi
_c2010
_fsena ofset
300 _a186 s.
_bfotğ.
_c23 sm.
440 _aİstanbul Bilgi Üniversitesi yayınları
_n308
490 _aTarih
_v36
504 _aKaynakça ve dizin var.
650 _aTürkiye
_xSiyaset ve hükümet
_y1878-1909
650 _aBasın
_xTürkiye
_yTarih
650 _aTürk gazeteleri
_xTarih
_y20. yüzyıl
740 _aİkinci meşrutiyet basını
942 _2ddc
_cBKS
999 _c855
_d855